Opinion of Lord Glennie in arbitration application no. 3 of 2011 (Record no. 83589)

MARC details
000 -LEADER
fixed length control field 01168cad a22001935a 4500
001 - CONTROL NUMBER
control field E154347
008 - FIXED-LENGTH DATA ELEMENTS--GENERAL INFORMATION
fixed length control field 111115e20111005xxk 000 0 eng d
035 ## - SYSTEM CONTROL NUMBER
System control number (Sirsi) u154347
041 0# - LANGUAGE CODE
Language code of text/sound track or separate title eng
245 00 - TITLE STATEMENT
Title Opinion of Lord Glennie in arbitration application no. 3 of 2011
Remainder of title for leave to appeal against an arbitration award on grounds of legal error in terms of Rules 69 and 70 of the Scottish Arbitration Rules
Medium [electronic resource]
260 ## - PUBLICATION, DISTRIBUTION, ETC.
Date of publication, distribution, etc. 2011
520 ## - SUMMARY, ETC.
Summary, etc. [2011] CSOH 164, 5 October 2011. Concerns whether or not an appeal can be lodged against the decision of an Arbitrator on the basis of legal error. It is the first application on such a matter under the Arbitration (Scotland) Act 2010 and the Scottish Arbitration Rules. "Held": Leave to appeal was granted on one point but not on the other.
590 ## - LOCAL NOTE (RLIN)
Local note KA
650 24 - SUBJECT ADDED ENTRY--TOPICAL TERM
Topical term or geographic name entry element ARBITRATION (SCOTLAND) ACT 2010
651 #4 - SUBJECT ADDED ENTRY--GEOGRAPHIC NAME
Geographic name Scotland
Chronological subdivision 1999-
690 ## - LOCAL SUBJECT ADDED ENTRY--TOPICAL TERM (OCLC, RLIN)
Topical term or geographic name as entry element MANAGEMENT-DISPUTE AVOIDANCE, MANAGEMENT AND RESOLUTION-DISPUTE MANAGEMENT AND RESOLUTION-ARBITRATION
856 40 - ELECTRONIC LOCATION AND ACCESS
Uniform Resource Identifier <a href="https://www.scotcourts.gov.uk/opinions/2011CSOH164.html">https://www.scotcourts.gov.uk/opinions/2011CSOH164.html</a>
Public note View the judgement free of charge at www.scotcourts.gov.uk
942 ## - ADDED ENTRY ELEMENTS (KOHA)
Suppress in OPAC 0
Holdings
Withdrawn status Lost status Source of classification or shelving scheme Damaged status Not for loan Home library Current library Shelving location Date acquired Total Checkouts Full call number Barcode Date last seen Copy number Price effective from Koha item type
    Dewey Decimal Classification     Virtual Virtual Online 15/11/2011   ONLINE PUBLICATION 154347-2001 06/08/2019 1 06/08/2019 Law report